Missing Word: #1 Hits of 2014 Quiz Stats

 Plays Quiz Updated Oct 6, 2019

Score 0/5 Timer 01:00
2 Plays Today
#1 Song Missing Word % Correct
____ It OffShake
95.4%
All About That ____Bass
92%
____ of MeAll
88.5%
Blank ____Space
83.3%
Dark ____Horse
74.4%

Today's Daily Dose

Missing Word
Sherlocks

Word Ladder
King of the Hill

Quick Pick
Songs in Pink

Get the Picture
NBA Teammates

You're not logged in!

Compare scores with friends on all Sporcle quizzes.
OR
Log In

Sporcle TV

Today on Sporcle TV


Watch our educational content, quiz creation guides, and fun videos on Sporcle TV.

Show Comments

Extras

Top Quizzes Today


Score Distribution

Your Account Isn't Verified!

In order to create a playlist on Sporcle, you need to verify the email address you used during registration. Go to your Sporcle Settings to finish the process.

Report this User

Report this user for behavior that violates our Community Guidelines.

Details: